Infectious Disease: Pathogenesis, Prevention and Case Studies (Record no. 479875)
[ view plain ]
| 000 -LEADER | |
|---|---|
| fixed length control field | 00303nam a22001097a 4500 |
| 008 - FIXED-LENGTH DATA ELEMENTS--GENERAL INFORMATION | |
| fixed length control field | 151012t xxu||||| |||| 00| 0 eng d |
| 020 ## - INTERNATIONAL STANDARD BOOK NUMBER | |
| International Standard Book Number | 978-1-4051-3543-6 |
| 100 ## - MAIN ENTRY--PERSONAL NAME | |
| Personal name | Nandini Shetty |
| 9 (RLIN) | 1339 |
| 245 ## - TITLE STATEMENT | |
| Title | Infectious Disease: Pathogenesis, Prevention and Case Studies |
| 300 ## - PHYSICAL DESCRIPTION | |
| Extent | 00 |
| 942 ## - ADDED ENTRY ELEMENTS (KOHA) | |
| Source of classification or shelving scheme | |
| Koha item type | Book |
| Withdrawn status | Lost status | Source of classification or shelving scheme | Damaged status | Not for loan | Collection code | Permanent Location | Current Location | Date acquired | Total Checkouts | Total Renewals | Barcode | Date last seen | Date last checked out | Price effective from | Koha item type |
|---|---|---|---|---|---|---|---|---|---|---|---|---|---|---|---|
| Atta-ur-Rahman School of Applied Biosciences (ASAB) | Atta-ur-Rahman School of Applied Biosciences (ASAB) | 10/12/2015 | 2 | 1 | ASAB746 | 08/06/2018 | 11/18/2016 | 10/12/2015 | Book |
